Ces oiseaux qui ne volent pas - Statistiques

Statistiques générales
  • Ce quiz a été pris 98 fois
  • Le résultat moyen est 5 sur 22
Statistiques - réponses
Indice Oiseau % Correct
A Autruche
94%
K Kiwi
83%
*D Dodo
82%
E Emeu
74%
C Casoar
45%
M Manchot
44%
N Nandou
33%
P Pingouin
33%
K Kakapo
17%
*M Moa
11%
*D Dronte
4%
G Gorfou
4%
R Râle
4%
C Cormoran
2%
*G Gallinule
2%
S Sarcelle
1%
B Brassemer
0%
G Grèbe
0%
*H Huppe
0%
*M Marouette
0%
*T Talève
0%
*X Xénique
0%
Aucun quiz correspondant
Distribution des résultats
% des personnes avec chaque résultat
Percentile par nombre de réponses
Votre historique - résultats
Vous n’avez pas pris ce quiz